000 00838nam a2200229Ii 4500
003 JO-AjNU
008 230605s9999||||xx |||||||||||||| ||und||
017 _a1991/9724
020 _a977-5083-69-9
040 _aJO-AjNU
_bara
_erda
_cJO-AjNU
041 _aara
050 1 4 _aPJ6161.K4288 1999
100 3 _aتأليف خفاجى، عبد المنعم؛ م.مشارك: محمد السعدي فرهود، عبد العزيز شرف,
_eauthor
_933838
245 0 0 _aالأسلوبية والبيان العربي
250 _aط2
264 3 1 _aالقاهرة: دار المصرية اللبنانية، 1992
300 _a174ص
336 _atext
_btxt
_2rdacontent
337 _aunmediated
_bn
_2rdamedia
338 _avolume
_bnc
_2rdacarrier
650 4 _aاللغة العربية-البلاغة-الأسلوب الادبي
_933839
999 _aA13813
_c17381
_d17381